| 000 | 01126pam a2200313 i 4500 | ||
|---|---|---|---|
| 001 | 3382670 | ||
| 003 | EG-ScBUE | ||
| 005 | 20250515084633.0 | ||
| 008 | 880425t1989 njua f b 001 0 eng d | ||
| 020 | _a0471827282 | ||
| 020 | _a9780471827283 | ||
| 040 |
_aEG-ScBUE _beng _erda _cEG-ScBUE _dEG-ScBUE |
||
| 082 | 0 | 4 |
_a531.11 _222 _bTAB |
| 100 | 1 |
_aTabor, Michael, _d1951- _937489 _eauthor. |
|
| 245 | 1 | 0 |
_aChaos and integrability in nonlinear dynamics : _ban introduction / _cMichael Tabor, Department of Applied Physics, Columbia University, New York. |
| 264 | 1 |
_aHoboken, New Jersey : _bJohn Wiley & Sons, Inc., _c[1989] |
|
| 264 | 4 | _cc1989 | |
| 300 |
_axiii, 364 pages : _billustrations ; _c25 cm |
||
| 336 |
_2rdacontent _atext _btxt |
||
| 337 |
_aunmediated _2rdamedia _bn |
||
| 338 |
_avolume _bnc _2rdacarrier |
||
| 500 | _a"A Wiley-Interscience publication." | ||
| 504 | _aIncludes bibliographical references and index. | ||
| 650 | 7 |
_aDynamics. _2BUEsh _918728 |
|
| 650 | 7 |
_aNonlinear theories. _96166 _2BUEsh |
|
| 650 | 7 |
_aChaotic behavior in systems. _96065 _2BUEsh |
|
| 655 | _vReading book | ||
| 942 |
_2ddc _cBB |
||
| 999 |
_c19122 _d19094 |
||